| 000 | 00394nam a2200157Ia 4500 | ||
|---|---|---|---|
| 008 | 260520s2025 xx 000 0 und d | ||
| 020 | _a9789354439995 | ||
| 041 | _aeng | ||
| 082 | _a658.3/PAT | ||
| 100 | _aPattanayak, B | ||
| 245 | _aHuman Resourcae Management | ||
| 260 |
_aDELHI _bPhi Learning PRIVATE LTD _c2025 |
||
| 300 | _a638p. | ||
| 500 | _aCat No: 15077 | ||
| 650 | _aMANAGEMENT | ||
| 999 |
_c1222154 _d1222154 |
||